[Elity ich miejsce i rola w spoloczeństwie]
Recenzia na publikáciu o elitách. Pozostáva zo šiestich kapitol a podáva rozsiahly systematický obraz k danej problematike.
Saved in:
| Main Author: | |
|---|---|
| Format: | Book Chapter |
| Language: | Slovak |
| Subjects: | |
| Tags: |
No Tags, Be the first to tag this record!
|
MARC
| LEADER | 00000naa a2200000 4500 | ||
|---|---|---|---|
| 001 | 0208344 | ||
| 005 | 20240502073450.2 | ||
| 041 | 0 | |a slo | |
| 044 | |a SK | ||
| 245 | 1 | 0 | |a [Elity ich miejsce i rola w spoloczeństwie] |c František Škvrnda |
| 520 | |a Recenzia na publikáciu o elitách. Pozostáva zo šiestich kapitol a podáva rozsiahly systematický obraz k danej problematike. | ||
| 610 | 2 | 0 | |a recenzie |
| 610 | 2 | 0 | |a sociológia |
| 610 | 2 | 0 | |a terminológia |
| 610 | 2 | 0 | |a spoločnosť |
| 100 | 1 | |a Škvrnda, František | |